| 000 | 00823pam a2200253 a 4500 | ||
|---|---|---|---|
| 001 | 3906409 | ||
| 003 | NUST - PNEC | ||
| 005 | 20170116181027.0 | ||
| 008 | 910801s1992 dcua b 001 0 eng | ||
| 010 | _a 91029040 | ||
| 020 | _a1560321199 | ||
| 040 | _cLIBRARY | ||
| 082 | 0 | 0 | _a621.4022 MAR |
| 100 | 1 |
_aMartin, Holger, _d1942- |
|
| 240 | 1 | 0 |
_aWärmeübertrager. _lEnglish |
| 245 | 1 | 0 |
_aHeat exchangers / _cHolger Martin. |
| 260 |
_aWashington : _bHemisphere Pub. Corp., _cc1992. |
||
| 300 |
_axii, 207 p. : _bill. ; _c25 cm. |
||
| 504 | _aIncludes bibliographical references (p. 201-203) and index. | ||
| 650 | 0 | _aHeat exchangers. | |
| 906 |
_a7 _bcbc _corignew _d1 _eocip _f19 _gy-gencatlg |
||
| 942 |
_2ddc _cBK |
||
| 999 |
_c67593 _d67593 |
||